00409nam a2200157Ia 45000010006000000050017000060080041000230410008000640820018000721000028000902450080001182600009001983000028002076500008002356540008002431822120260306171614.0260306s9999||||xx |||||||||||||| ||und|| aESP a658.4012bW53 aWheelen, Thomas L.eAUT 0aAdministración estratégica y política de negocios:bconceptos y casos c2007 a768 páginas :c27 cm. aGEN aCAN